| 000 | 00890cab a2200265 4500 | ||
|---|---|---|---|
| 001 | ABS54488 | ||
| 008 | 090401t1995 xxu||||| |||| 00| 0 eng d | ||
| 035 | _a(Sirsi) u10738 | ||
| 041 | _aeng | ||
| 100 | _aOxley, R. | ||
| 245 | _aIgnore it and it will go away! | ||
| 260 | _c1995 | ||
| 350 | _a0 | ||
| 490 |
_aRICS Building Conservation Journal _v(13) Winter 1995, 9-12(4) |
||
| 520 | _aExpresses concern over uncontrolled and unnecessary timber treatment to historic buildings. Proposes that stricter controls, such as under PPG15, would reduce the significant amount of damage being caused. | ||
| 650 | _aDAMP TREATMENT | ||
| 650 | _aHISTORIC BUILDINGS | ||
| 650 | _aLISTED BUILDINGS | ||
| 650 | _aPPG15 | ||
| 650 | _aREMEDIAL TREATMENT | ||
| 650 | _aTIMBER TREATMENT | ||
| 690 | _aBUILDING AND CONSTRUCTION-REPAIRS AND MAINTENANCE | ||
| 942 | _n0 | ||
| 948 | _c04/03/1997 | ||
| 999 |
_c6823 _d6823 |
||